000 00635nam a22001937a 4500
003 NUST-PNEC
005 20170116180747.0
008 150218b xxu||||| |||| 00| 0 eng d
020 _a9789675062544
040 _cLIBRARY
082 _a297.122 ASA
100 _91367
_aAsad, Muhammad
245 _aThe message of The Quran
_cMuhammad Asad
260 _aKula Lumpur :
_bIslamic Book Trust,
_cc2013.
300 _a1248 p. :
_c23 cm.
650 _91368
_aQuran, Islam
_xIslam
856 _uhttp://www.amazon.com/Message-Quran-Muhammed-Asad/dp/9675062541/ref=sr_1_1?ie=UTF8&qid=1424291942&sr=8-1&keywords=9789675062544
942 _2ddc
_cBK
999 _c62403
_d62403